| 000 | 02004cam a2200361 4500 | ||
|---|---|---|---|
| 001 | 7896 | ||
| 005 | 20181127184617.0 | ||
| 008 | 100806s2011 nyua b 001 0beng | ||
| 010 | _a 2010033356 | ||
| 020 | _a0195319907 (alk. paper) | ||
| 020 | _a9780195319903 (alk. paper) | ||
| 082 | 0 | 0 |
_a618.20092 _aB _222 |
| 100 | 1 | _aRogoff, Barbara. | |
| 245 | 1 | 0 |
_aDeveloping destinies : _ba Mayan midwife and town / _cBarbara Rogoff ; with Chona Perez Gonzalez, Chonita Chavajay Quiacain, and Josue Chavajay Quiacain. |
| 260 |
_aNew York : _bOxford University Press, _cc2011. |
||
| 300 |
_ax, 343 p. : _bill. ; _c25 cm. |
||
| 490 | 1 | _aChild development in cultural context | |
| 504 | _aIncludes bibliographical references and index. | ||
| 505 | 0 | 0 |
_tBeginnings : stability and change -- _tLiving culture, across generations -- _tMeeting Chona and San Pedro -- _tPaper with a mouth, recounting the developing destinies of an iyoom and her community -- _tBorn to a spiritual calling, across generations : cultural heritage and resistance -- _tChildhood and where babies come from -- _tA becoming young woman -- _tChanging memories in changing practices -- _tEntry and prominence in a sacred profession -- _tRipples across generations and nations in Mayan pregnancy and childbirth -- _tRipples across generations and nations in birth destinies and postnatal care -- _tWays of learning across times and places -- _tTraditions and transformations. |
| 600 | 1 | 0 | _aPerez Gonzalez, Chona. |
| 600 | 1 | 2 | _aPerez Gonzalez, Chona. |
| 650 | 0 |
_aMidwives _zGuatemala _vBiography. |
|
| 650 | 1 | 2 |
_aMidwifery _zGuatemala _vBiography. |
| 650 | 2 | 2 |
_aCulture _zGuatemala. |
| 650 | 2 | 2 |
_aDelivery, Obstetric _zGuatemala. |
| 650 | 2 | 2 |
_aMaternal Welfare _xethnology _zGuatemala. |
| 650 | 2 | 2 |
_aMedicine, Traditional _zGuatemala. |
| 650 | 2 | 2 |
_aSocial Change _zGuatemala. |
| 700 | 1 | _aChavajay Quiacain, Josue. | |
| 700 | 1 | _aChavajay Quiaca�n, Chonita. | |
| 700 | 1 | _aPerez Gonzalez, Chona. | |
| 830 | 0 | _aChild development in cultural context. | |
| 999 |
_c6783 _d6783 |
||